Normal view
MARC view
- Chabaneix, Gilles De
Entry Corporate Name
001 - CONTROL NUMBER
- control field: 88396
003 - CONTROL NUMBER IDENTIFIER
- control field: NUST
005 - DATE AND TIME OF LATEST TRANSACTION
- control field: 20220114121830.0
008 - FIXED-LENGTH DATA ELEMENTS
- fixed length control field: 220114|| aca||aabn | a|a d
040 ## - CATALOGING SOURCE
- Original cataloging agency: NUST
- Transcribing agency: NUST
110 ## - HEADING--CORPORATE NAME
- Corporate name or jurisdiction name as entry element: Chabaneix, Gilles De
670 ## - SOURCE DATA FOUND
- Source citation: Work cat.: (NUST): Arnoux, Alexandra d' 88395, Family Houses In The Country, 2000.
